[Event "EIWCC 2017"]
[Site "Riga"]
[Date "2017.04.16"]
[Round "6"]
[White "Movileanu, Daniela"]
[Black "Gundogan, Sinem Cagla"]
[Result "0-1"]
[WhiteElo "2213"]
[BlackElo "1885"]
[Annotator "TA"]
[PlyCount "78"]
[EventDate "2017.??.??"]
[EventType "swiss"]
[EventCountry "LAT"]
[SourceTitle "playchess.com"]
[Source "ChessBase"]
[SourceQuality "1"]

{[%evp 19,78,40,45,40,43,44,45,11,52,50,35,0,34,0,0,0,0,0,0,0,0,-27,-24,-50,-51,-175,-168,-173,-168,-179,-167,-240,-217,-225,-225,-219,-195,-178,-88,-157,-170,-114,-115,-376,-367,-346,-333,-343,-342,-395,-394,-375,-365,-500,-495,-792,-762,-925,-836,-1005,-1006]} 1. e4 e5 2. Nf3 Nc6 3. Bb5 a6 4. Ba4 Nf6 5. O-O b5 6. Bb3 Be7 7. d4 d6 8. dxe5 Nxe5 {C84: Closed Ruy Lopez: Unusual White 6th moves} 9. Nxe5 dxe5 10. Qxd8+ Bxd8 {LiveBook: 13 Games. White is slightly better.} 11. Be3 Bb7 12. f3 Be7 13. Nd2 $146 (13. c4 Nd7 14. Rc1 c6 15. Nd2 O-O 16. Bd1 {½-½ (43) Scherer,R (2589)-Telepnev,I (2505) ICCF email 2013}) 13... c5 14. c4 O-O 15. Rac1 Rfd8 16. Rfd1 {With the idea cxb5.} Nd7 {[%cal Bf6d7,Bd7f8,Bf8e6,Be6d4][%mdl 32]} 17. Nf1 b4 18. a3 a5 19. Ba4 Nf8 20. Kf2 Ne6 21. g3 Nd4 22. Bd2 ({Better is} 22. Nd2 $15) 22... f5 $19 23. exf5 Bxf3 24. Re1 Bf6 25. Bc2 (25. Ne3 $142) 25... Nxc2 26. Rxc2 e4 27. Be3 b3 28. Rd2 {[#]} Bd4 {[#]} (28... a4 $1 $19 {and Black stays clearly on top.} 29. Rb1 Bg4 30. Rxd8+ Rxd8 31. Bxc5 Bd1) 29. h3 (29. g4 $142 $1 {[%mdl 512]}) 29... a4 $17 30. Rb1 (30. Kg1 $19) 30... Ra7 31. Nh2 $2 {[%mdl 8192]} (31. g4 $17 {was called for.}) 31... Bxe3+ $19 (31... Bh5 32. Re1 Bxe3+ 33. Kxe3 Rxd2 34. Kxd2 $17) 32. Kxe3 Rxd2 33. Kxd2 {[%mdl 4096] Endgame KRB-KRN} Rd7+ 34. Ke3 Rd3+ 35. Kf4 Bg2 36. Ng4 Rf3+ {Black is clearly winning.} ({Weaker is} 36... Bxh3 37. Ne3 $15) 37. Ke5 (37. Kg5 $142 Rxg3 38. f6) 37... Bxh3 38. Rd1 h5 39. Rd8+ Kh7 0-1

[Event "EIWCC 2017"]
[Site "Riga"]
[Date "2017.04.16"]
[Round "6"]
[White "Semenova, Elena"]
[Black "Babiy, Olga"]
[Result "0-1"]
[WhiteElo "2212"]
[BlackElo "2359"]
[Annotator "TA"]
[PlyCount "124"]
[EventDate "2017.??.??"]
[EventType "swiss"]
[EventCountry "LAT"]
[SourceTitle "playchess.com"]
[Source "ChessBase"]
[SourceQuality "1"]

{[%evp 22,124,0,0,0,0,0,0,0,0,0,0,0,0,0,0,0,0,43,-170,-179,-210,-208,-204,-194,-254,-253,-212,-221,-356,-347,-358,-382,-375,-355,-339,-226,-364,-375,-402,-401,-594,-571,-635,-529,-591,-597,-872,-871,-901,-270,-261,-257,-240,-271,-249,-270,-270,-266,-264,-249,-293,-298,-339,-331,-428,-414,-412,-399,-438,-425,-426,-421,-421,-435,-760,-625,-949,-790,-791,-776,-767,-750,-745,-736,-29998,-839,-29998,-721,-833,0,-29998,-1344,-1281,-1220,-1167,-740,-708,-674,-887,-845,-798,-804,-1921,-1679]} 1. e4 c5 2. Nc3 a6 3. Nf3 e6 4. d4 cxd4 5. Nxd4 Qc7 6. Bd3 Nf6 7. Qe2 Bd6 {B43: Sicilian: Kan Variation: 5 Nc3} (7... d6 8. f4 Nbd7 9. g4 Nc5 10. g5 Nfd7 11. Bd2 g6 12. h4 Bg7 13. Nf3 b5 14. h5 Bb7 15. h6 Bf8 16. O-O {0-1 (40) Rodshtein,M (2678)-Berkes,F (2649) Linares 2014}) 8. Ndb5 axb5 9. Nxb5 Qa5+ 10. Bd2 Bb4 11. Bxb4 Qxb4+ 12. c3 {LiveBook: 9 Games} Qc5 {Threatens to win with ...d6.} 13. e5 Nd5 14. Nd6+ Kf8 $1 15. Qf3 $1 {[%csl Gd6][%cal Rf3f7]} (15. Qh5 g6 16. Qh6+ Kg8 $17) 15... f5 $146 {[#]} 16. Bxf5 $1 {[%mdl 512]} (16. Qh5 g6 17. Qh6+ Kg8 $17) 16... Nf6 $1 (16... exf5 17. Qxf5+) 17. O-O-O $1 Qxe5 18. Rhe1 Qc5 $1 {White must now prevent ...Ra6.} (18... Qxh2 $6 19. Nxc8 Qc7 20. Nd6 $16) 19. Bc2 Nc6 20. b4 $2 (20. Nxc8 $14 {keeps the upper hand.} Rxc8 21. Rxd7) 20... Qg5+ $19 21. Kb1 Ne5 22. Qe2 {Strongly threatening h4.} Nf7 23. f4 (23. Qf3 $142) 23... Qxf4 24. g3 Qg5 25. Nf5 (25. Qf2 $142) 25... g6 (25... exf5 26. Qe7+ Kg8 27. Qe8+ $1 {[%mdl 512]} Nxe8 28. Rxe8#) 26. Ne3 Kg7 27. Qf2 Rf8 28. h4 Qh5 {aiming for ...d5.} (28... Qe5 29. Nf5+ $1 {[%mdl 512]} gxf5 30. Rxe5 Nxe5 31. Qd4 $19) 29. Rf1 (29. g4 {might work better.} Nxg4 30. Nxg4 Qxg4 31. Re4) 29... Qe5 30. Rd4 {Hoping for Nc4.} d5 31. Rf4 (31. Ng4 {keeps fighting.} Nxg4 32. Rxg4) 31... Nd6 (31... Qxc3 $2 32. Rxf6 Qxb4+ 33. Bb3 $16) 32. h5 Nf5 33. Re1 Qxc3 34. g4 e5 35. Nd1 Qg3 $2 (35... Qa3 36. Bb3 exf4 37. Qxf4 Nh6 38. hxg6 Nfxg4 39. Qd4+ Nf6) 36. Rxf5 {[#]} Qxf2 $1 ({But not} 36... Qxg4 {[#]} 37. h6+ $1 {[%mdl 512]} Kxh6 38. Qd2+ Kg7 39. Rfxe5 $17) 37. Rxf2 Nxg4 38. Rxf8 Kxf8 39. hxg6 hxg6 40. Bxg6 Ra4 41. Nc3 Rxb4+ 42. Kc2 d4 {...Rc4 is the strong threat.} 43. Ne4 Kg7 44. Bh5 {and if Bxg4 works, White does fine.} Ne3+ 45. Kd3 Be6 {And now ...Bc4+ would win.} ({Don't play} 45... Bf5 46. Rg1+ Kf8 47. Bg6 $19) 46. Rg1+ Kf8 47. Nc5 Bf5+ ({Not} 47... Bxa2 48. Ke4 $19) 48. Ne4 (48. Ke2 $142) 48... Ra4 49. Rb1 Rxa2 50. Bf3 Ra3+ 51. Ke2 Nd5 52. Rf1 Ra2+ 53. Kd3 Ke7 (53... b5 $142 54. Bh5 Nb4#) 54. Bh1 Ra3+ (54... b5 $142 55. Rxf5 Nb4#) 55. Kd2 Ra2+ 56. Kd3 Nf4+ (56... b5 $142 57. Rxf5 Nb4#) 57. Kc4 {Black is clearly winning.} Be6+ 58. Kc5 Rc2+ 59. Kb6 Bd5 60. Nc5 Bxh1 61. Rxh1 Rb2+ 62. Kc7 Ne6+ 0-1

[Event "EIWCC 2017"]
[Site "Riga"]
[Date "2017.04.16"]
[Round "6"]
[White "Balajayeva, Khanim"]
[Black "Daulyte, Deimante"]
[Result "1/2-1/2"]
[WhiteElo "2196"]
[BlackElo "2443"]
[Annotator "TA"]
[PlyCount "52"]
[EventDate "2017.??.??"]
[EventType "swiss"]
[EventCountry "LAT"]
[SourceTitle "playchess.com"]
[Source "ChessBase"]
[SourceQuality "1"]

{[%evp 10,52,29,35,29,39,44,5,13,7,20,0,0,0,76,80,88,62,157,74,75,62,85,81,80,79,82,79,88,81,83,70,81,78,81,41,48,39,39,33,43,25,40,25,53]} 1. e4 e5 2. Nf3 Nc6 3. Nc3 Nf6 4. d4 exd4 5. Nxd4 Bc5 6. Be3 {And now Nxc6 would win.} Bb4 {C47: Scotch Four Knights and Four Knights with 4 g3} (6... Bb6 7. Qd2 Ng4 8. Nxc6 bxc6 9. Bd4 d6 10. h3 Nf6 11. O-O-O O-O 12. Bc4 Be6 13. Bb3 Ba5 14. Qg5 Bb6 {½-½ (32) Stevic,H (2607)-Saric,I (2650) Mali Losinj 2016}) 7. Nxc6 bxc6 8. Bd3 O-O {The position is equal.} 9. O-O Re8 10. Qf3 d5 11. exd5 Bg4 $146 (11... cxd5 $11 12. Bd4 c6) (11... cxd5 12. Bg5 c6 13. h3 h6 14. Bh4 Rb8 15. Ne2 Bd6 16. b3 Be5 17. Rad1 Bb7 18. c4 Qc7 19. cxd5 cxd5 20. Bxf6 Bxf6 {1-0 (39) Panov,S (2147)-Ovchinnikov,V Tomsk 2007}) 12. Qg3 $16 cxd5 13. Bg5 $36 {[%mdl 2048] Threatens to win with Bxf6. White is more active.} Be6 (13... Bxc3 $14 14. bxc3 Be6) 14. Bb5 ({Better is} 14. Qh4 {Strongly threatening Bxh7+!} Rb8 15. Bxh7+ $1 {[%mdl 512]} Kf8 16. Bd3) 14... Rf8 {[#]} 15. Bc6 $1 {[%cal Rc6a8]} Bd6 16. Qh4 Rb8 {[#]} 17. Nxd5 $1 {[%mdl 512]} Bxd5 18. Bxd5 Bxh2+ 19. Qxh2 Qxd5 20. Bxf6 $1 gxf6 21. b3 Qe5 22. Rfe1 Qc3 23. Qg3+ Qxg3 24. fxg3 Rfe8 25. Kf2 Re5 26. Rad1 Rb6 1/2-1/2

[Event "EIWCC 2017"]
[Site "Riga"]
[Date "2017.04.16"]
[Round "6"]
[White "Pavlidou, Ekaterini"]
[Black "Yildiz, Betul Cemre"]
[Result "0-1"]
[WhiteElo "2180"]
[BlackElo "2367"]
[Annotator "TA"]
[PlyCount "82"]
[EventDate "2017.??.??"]
[EventType "swiss"]
[EventCountry "LAT"]
[SourceTitle "playchess.com"]
[Source "ChessBase"]
[SourceQuality "1"]

{[%evp 19,82,16,11,-23,-15,-21,-24,-13,0,-3,-9,-13,-12,-14,-11,-41,-57,-84,-74,-128,-107,-204,-85,-127,-113,-218,-204,-204,-192,-343,-357,-346,-346,-489,-472,-472,-470,-496,-492,-470,-483,-461,-462,-543,-528,-542,-545,-536,-531,-529,-515,-589,-588,-570,-584,-575,-547,-656,-651,-643,-636,-771,-751,-766,-754]} 1. d4 Nf6 2. c4 e6 3. Nf3 b6 4. a3 Bb7 5. Nc3 d5 6. cxd5 Nxd5 7. Qc2 Nd7 8. e4 Nxc3 9. bxc3 c5 10. Bd3 Qc7 11. O-O {E12: Queen's Indian: Unusual White 4th moves, 4 a3, 4 Nc3 Bb7 5 a3 and 4 Nc3 Bb7} (11. Qb1 Be7 12. O-O O-O 13. Be3 e5 14. Rc1 Kh8 15. Nd2 Rad8 16. a4 exd4 17. cxd4 Qb8 18. d5 f5 19. f3 fxe4 20. fxe4 Nf6 {0-1 (45) Esen,B (2571)-Korobov,A (2687) Jerusalem 2015}) 11... cxd4 12. cxd4 Qxc2 13. Bxc2 {Black has an edge.} Rc8 14. Ba4 {[#] Hoping for Ne5.} a6 (14... Bxe4 15. Ne5 Rd8 16. Nxd7 (16. Bxd7+ Rxd7 17. Nxd7 Kxd7 $14) 16... Rxd7 17. Bf4 $16 (17. Bxd7+ Kxd7 18. Bf4 Bd5 $14)) 15. Re1 b5 $36 {[%mdl 2048] Black is pushing.} 16. Bb3 Be7 17. Bb2 $146 (17. d5 Nc5 18. Ba2 Nd3 {0-1 (33) Janzelj,L (2136)-Petrov,V (2353) Skopje 2017}) 17... O-O 18. Rad1 Rfd8 19. Nd2 (19. Rb1 $142) 19... Nb6 20. f4 {[#]} (20. Rb1 $17) 20... Bf6 (20... a5 $1 $19 {[%cal Ra5a4] has better winning chances. aiming for ...a4.} 21. Rb1 a4) 21. Nb1 Nc4 22. Ba1 (22. Bxc4 $17 Rxc4 23. e5) 22... Na5 $19 23. Ba2 Rc2 24. Bc3 $2 (24. Rd2 Rdc8 25. Rf2) 24... Rxa2 25. Bxa5 Rxd4 26. Bc3 (26. Nd2 $142) 26... Rxd1 {Black is clearly winning.} 27. Rxd1 Bxe4 28. Bxf6 gxf6 {[%mdl 4096] Endgame KRB-KRN} ({Don't take} 28... Rxg2+ 29. Kf1 gxf6 30. Nc3 $19) 29. Nc3 Rxg2+ 30. Kf1 Bb7 ({Not} 30... Rxh2 31. Nxe4 Kg7 32. Rd3 $17) 31. Rd8+ Kg7 32. Rd7 Rc2 (32... Rxh2 33. Rxb7 Rh3 34. Ne4 $17) 33. Ne2 Bd5 34. Nd4 Bc4+ 35. Kg1 Ra2 36. f5 exf5 ({Weaker is} 36... Rxa3 37. fxe6 Ra1+ 38. Kf2 $17) 37. Nxf5+ Kg6 38. Ne7+ Kg5 39. Rd4 f5 40. h4+ Kf6 41. Ng8+ Ke5 0-1

[Event "EIWCC 2017"]
[Site "Riga"]
[Date "2017.04.16"]
[Round "6"]
[White "Sazonova, Anastasia"]
[Black "Mammadzada, Gunay"]
[Result "1-0"]
[WhiteElo "2143"]
[BlackElo "2348"]
[Annotator "TA"]
[PlyCount "124"]
[EventDate "2017.??.??"]
[EventType "swiss"]
[EventCountry "LAT"]
[SourceTitle "playchess.com"]
[Source "ChessBase"]
[SourceQuality "1"]

{[%evp 15,124,12,12,12,29,28,33,38,29,29,31,38,38,29,91,45,47,9,24,25,21,16,16,18,25,20,54,58,54,37,62,60,138,150,148,85,104,87,87,94,114,123,151,145,137,134,137,129,153,159,162,137,145,142,130,141,179,166,166,106,78,85,171,173,168,168,172,175,159,162,209,198,230,230,205,202,200,187,231,228,247,255,260,210,261,263,338,305,263,260,437,401,452,475,431,448,688,777,768,714,922,842,1174,1143,29965,29967,12218,6398,29987,29988,29988]} 1. d4 d5 2. c4 c6 3. cxd5 cxd5 4. Bf4 Nc6 5. e3 Nf6 6. Nc3 a6 7. Be2 Bf5 8. Nf3 e6 9. Qb3 {D13: Slav Defence: Exchange variation without ...Bf5} Ra7 10. O-O Be7 11. h3 {White is slightly better.} O-O 12. Rfc1 Na5 $146 (12... Nd7 13. Na4 Bg6 14. Qd1 f6 15. a3 Re8 16. Bg3 Bf8 {½-½ (48) Berczes,D (2495)-McShane,L (2674) Las Vegas 2015}) 13. Qd1 b5 14. Ne5 Qb6 (14... Bd6 $11 {remains equal.}) 15. Bd3 Bxd3 16. Qxd3 (16. Nxd3 $5 {is more complex.} Raa8 17. Rc2 Qb7 18. Rac1 Rfc8 19. Ne2) 16... Nd7 (16... Raa8 $5 {looks sharper.} 17. Rc2 Rfc8 18. Ne2 Nc4 19. Rac1 Qb7) 17. Nxd7 Rxd7 18. Ne2 Nc6 19. Bg3 g6 20. Qd1 Bd6 21. Bxd6 Rxd6 22. Rc5 Rfd8 23. Rac1 Kg7 (23... Ne7 $14) 24. Nf4 $16 {[%cal Be2f4,Bf4d3,Bd3e5,Be5d7][%mdl 32]} Ne7 25. Qc2 ({Better is} 25. Qg4) 25... R6d7 26. Nd3 Ra7 27. Ne5 Raa8 28. Rc7 Re8 29. Qc5 Qxc5 30. R1xc5 (30. R7xc5 Rec8 $14) 30... Kf8 31. Rb7 f6 32. Nd7+ Kf7 33. Rcc7 Rac8 34. Rxc8 Rxc8 {[%mdl 4096] Endgame KRN-KRN} 35. Nc5 Rc6 36. Ra7 e5 37. Rxa6 (37. Nxa6 $6 Rc1+ 38. Kh2 exd4 39. exd4 Rc4 $16) (37. Kf1 $1 $18) 37... exd4 38. exd4 Rc7 (38... Rxa6 $16 {was called for.} 39. Nxa6 Nc6) 39. Rb6 $18 Nf5 40. Rxb5 Nxd4 41. Rb7 $1 {[%cal Rb7c7]} Rxb7 42. Nxb7 {KN-KN} Ke6 43. Kf1 Kd7 {[#]} 44. Nc5+ $1 Kc6 45. Nd3 Kb5 46. b3 g5 47. Ke1 h5 48. Kd2 h4 49. Ne1 Ne6 {[#]} 50. Kc3 $1 f5 51. Nc2 Kb6 52. f3 Ka5 $2 (52... d4+ 53. Kc4 (53. Nxd4 Nf4 54. Nxf5 Nxg2 $16) 53... Nf4) 53. b4+ (53. Nd4 Nf4 $16) 53... Ka4 54. a3 Nf4 55. Ne3 g4 (55... Ne2+ $142 56. Kd3 Nf4+ 57. Kd4 Kb5) 56. Nxf5 ({Less strong is} 56. fxg4 fxg4 57. hxg4 Nxg2 $18) 56... gxf3 57. gxf3 Nxh3 58. Nxh4 Nf4 59. Kd4 Kxa3 60. b5 Kb4 61. b6 {[%cal Bb5b6,Bb6b7][%mdl 32]} Kb5 62. b7 Ne6+ 1-0

[Event "EIWCC 2017"]
[Site "Riga"]
[Date "2017.04.16"]
[Round "6"]
[White "Caglar, Sila"]
[Black "Gvetadze, Sofio"]
[Result "0-1"]
[WhiteElo "2093"]
[BlackElo "2292"]
[Annotator "TA"]
[PlyCount "78"]
[EventDate "2017.??.??"]
[EventType "swiss"]
[EventCountry "LAT"]
[SourceTitle "playchess.com"]
[Source "ChessBase"]
[SourceQuality "1"]

{[%evp 10,78,77,20,40,20,12,-2,11,-54,-39,-52,20,37,49,42,64,63,69,54,57,61,111,23,165,-4,29,-72,-89,-105,-99,-151,-56,-64,-60,-383,-350,-434,-341,-327,-284,-288,-279,-291,-275,-370,-315,-493,-506,-581,-566,-533,-577,-562,-570,-563,-562,-582,-574,-896,-791,-1068,-905,-1253,-1056,-1438,-1428,-1408,-1364,-1283,-1274]} 1. e4 g6 2. d4 Bg7 3. Nc3 c6 4. Bc4 b5 5. Bb3 b4 6. Qf3 (6. Na4 $16) 6... e6 $11 {B06: Modern Defence} (6... Nf6 7. Nce2 d6 8. Bd2 a5 9. a3 Bb7 10. axb4 axb4 11. Rxa8 Bxa8 12. e5 dxe5 13. dxe5 Nd5 14. Bxb4 Bxe5 {½-½ (28) Schoorl,R (2313)-Ikonnikov,V (2550) Hilversum 2015}) 7. Nce2 d5 8. e5 c5 {The position is equal.} 9. c3 (9. c4 $11) 9... Nd7 $146 (9... Nc6 10. Nh3 h6 11. O-O Nge7 12. g4 Ba6 13. Rd1 Qa5 14. Be3 {0-1 (25) Hartwig,M (2195)-Orwatsch,G Giessen 1997}) 10. Nh3 cxd4 (10... Ne7 $15) 11. cxd4 $11 Nb6 12. Nhf4 f6 13. Nd3 a5 14. Bd1 fxe5 15. dxe5 Nc4 16. Bf4 ({Better is} 16. Ba4+ $1 $16 Bd7 17. Nd4 Bxa4 18. Nxe6) 16... Ne7 (16... a4 $11 {and Black has nothing to worry.}) 17. b3 $2 ({Only move:} 17. Ba4+ $1 $18 Kf7 18. b3) 17... Nb6 18. Bg5 {[#]} (18. h4 $11) 18... Nd7 $1 $17 19. Qe3 {Threatens to win with Nd4.} Nf5 20. Qf4 (20. Bxd8 $142 Nxe3 21. fxe3 Nxe5 22. Nxe5 Bxe5 23. Nd4 Bxd4 24. exd4 Kxd8 25. a3) 20... Qc7 (20... Qb6 $17 {aiming for ...Ba6.} 21. g4 {[#]} Nd6 $1 {[%mdl 512]}) 21. Rc1 $15 Nxe5 22. Nb2 $2 {[%mdl 8192]} (22. Rxc7 $2 {is the wrong capture.} Nxd3+ 23. Kf1 Nxf4 24. Nxf4 O-O $19) (22. Qxf5 $1 $15 exf5 23. Rxc7 Nxd3+ 24. Kd2 Nxf2 25. Rxg7 Ne4+ 26. Ke3 Nxg5 27. Nf4) 22... Qf7 $19 {Strongly threatening ...h6.} 23. g4 Nd6 24. Nd4 h6 25. Qxf7+ Nexf7 26. Be3 e5 {[%cal Be6e5,Be5e4,Be4f3][%mdl 32]} 27. Nc6 Bb7 28. Na4 (28. O-O $142) 28... d4 {Black is clearly winning.} 29. Bd2 Rc8 30. Bf3 {Now Nb6 and White clings on.} e4 31. Nxa5 Rxc1+ 32. Bxc1 exf3 33. Bd2 O-O 34. O-O Ba6 35. Rc1 Re8 36. Bxb4 Ne4 37. Nc6 Nfg5 {( -> ...Nh3+)} 38. h4 Nh3+ 39. Kh2 Nhxf2 0-1

[Event "EIWCC 2017"]
[Site "Riga"]
[Date "2017.04.16"]
[Round "6"]
[White "Hapala, Elisabeth"]
[Black "Ozturk, Kubra"]
[Result "0-1"]
[WhiteElo "2091"]
[BlackElo "2261"]
[Annotator "TA"]
[PlyCount "86"]
[EventDate "2017.??.??"]
[EventType "swiss"]
[EventCountry "LAT"]
[SourceTitle "playchess.com"]
[Source "ChessBase"]
[SourceQuality "1"]

{[%evp 26,86,33,27,54,54,54,53,50,52,57,42,79,78,82,81,116,55,76,55,59,52,87,38,40,38,31,31,33,-35,-36,-43,-39,-61,0,-7,0,5,0,1,14,-67,-61,-79,-106,-107,-118,-81,-106,-226,-170,-152,-94,-482,-472,-462,-450,-1452,-1432,-2037,-1981,-2022,-1981]} 1. e4 e5 2. Nf3 Nc6 3. Bb5 a6 4. Ba4 Nf6 5. O-O b5 6. Bb3 Be7 7. Re1 d6 8. c3 O-O 9. h3 Nb8 10. d4 Nbd7 11. Nbd2 Bb7 12. Bc2 Re8 13. b3 Bf8 14. Bb2 c5 {C95: Closed Ruy Lopez: Breyer Variation with 10 d4} (14... g6 15. a4 c6 16. c4 exd4 17. Bxd4 b4 18. e5 dxe5 19. Nxe5 c5 20. Nxd7 Rxe1+ 21. Qxe1 cxd4 22. Nxf8 Qd6 23. Nxh7 Kxh7 {1-0 (57) Akopian,V (2691)-Kamsky,G (2741) Khanty-Mansiysk 2013}) 15. d5 g6 16. a4 Qb6 {White is slightly better.} 17. Qe2 $146 (17. Nf1 Nh5 18. Ne3 Bg7 19. Ra2 Rab8 20. Bc1 Bc8 21. g3 Ndf6 22. Kg2 {½-½ (75) Zapata,A (2470)-Rodriguez Cespedes,A (2445) Bayamo 1984}) 17... Reb8 18. Reb1 Ne8 19. Bd3 {[%cal Ra4b5]} Nc7 20. Bc1 Bc8 21. Nh2 (21. b4 $16) 21... Nf6 $14 22. Qf3 Nce8 23. Ndf1 Bd7 24. Ne3 Qd8 25. Neg4 Nxg4 26. Nxg4 Qh4 27. Bf1 ({Better is} 27. b4 $14) 27... f5 $15 28. exf5 gxf5 29. Ne3 Ng7 (29... Qf6 $15) 30. g3 $11 Qf6 31. Bd3 Be7 {[#] Strongly threatening ...e4.} 32. Bc2 Rf8 33. Kh2 (33. Bd2 $11) 33... e4 $15 34. Qg2 f4 35. Ng4 (35. Qxe4 $2 fxe3 36. fxe3 (36. Qxh7+ $2 Kf7 37. Qe4 Bf5 38. Qxe3 Bxc2 $19) 36... Qh6 $19) 35... Bxg4 $1 ({Don't go for} 35... Qxc3 $2 36. Qxe4 (36. Bxe4 f3 37. Qf1 h5 38. Nh6+ Kh8 $14) 36... Bf5 37. Nh6+ Kh8 38. Nxf5 fxg3+ 39. fxg3 Rxf5 40. Qg2 $16) 36. hxg4 e3 $1 $36 {[%mdl 2048] White must now prevent ...fxg3+. Keeping White busy.} ({But not} 36... Qxc3 $6 37. Bxe4 fxg3+ 38. fxg3 $16) 37. fxe3 (37. f3 $17) 37... Qh6+ 38. Kg1 {[%cal Re3f4] [#]} fxe3 ({Black should try} 38... fxg3 $1 39. Bf5 (39. Qxg3 Bh4 40. Qh3 Ra7 41. axb5 Qf6 $17) 39... Nxf5 40. gxf5 Qh4) 39. Bf5 $2 {[%mdl 8192]} (39. Bd3 $17 {is more resistant.}) 39... Nxf5 $19 {Black is clearly winning.} 40. gxf5 Rxf5 {...Rf2 is the strong threat.} 41. g4 (41. Qe4 $142 Re5 42. Bxe3 Qxe3+ 43. Qxe3 Rxe3 44. axb5) 41... Rf2 42. Qg3 Bg5 {( -> ...Raf8)} 43. Rb2 Raf8 0-1

[Event "EIWCC 2017"]
[Site "Riga"]
[Date "2017.04.16"]
[Round "6"]
[White "Arda, Cagil Irmak"]
[Black "Warakomska, Anna"]
[Result "0-1"]
[WhiteElo "2089"]
[BlackElo "2343"]
[Annotator "NA RC"]
[PlyCount "110"]
[EventDate "2017.??.??"]
[EventType "swiss"]
[EventCountry "LAT"]
[SourceTitle "playchess.com"]
[Source "ChessBase"]
[SourceQuality "1"]
[TimeControl "40/5400+30:1800+30"]

1. e4 {[%emt 0:00:07]} c5 {[%emt 0:00:23]} 2. Nf3 {[%emt 0:00:08]} e6 {[%emt 0:00:03]} 3. d4 {[%emt 0:00:33]} cxd4 {[%emt 0:00:05]} 4. Nxd4 {[%emt 0:00:06]} Nc6 {[%emt 0:00:10]} 5. Nc3 {[%emt 0:00:16]} Qc7 {[%emt 0:00:13]} 6. g3 {[%emt 0:00:20]} d6 {[%emt 0:09:05]} 7. Bg2 {[%emt 0:01:15]} Bd7 {[%emt 0:01:06]} 8. O-O {[%emt 0:01:16] LiveBook: 16 Games} a6 {[%emt 0:03:20]} 9. Re1 {[%emt 0:00:33]} Be7 {[%emt 0:00:19] B47: Sicilian: Taimanov: 5 Nc3 Qc7 6 f4, 6 g3 and 6 Be2} 10. Nb3 {[%emt 0:00:17]} (10. Nxc6 Bxc6 11. Qg4 h5 12. Qe2 h4 13. a4 Nf6 14. a5 Kf8 15. Be3 e5 16. Nd5 Nxd5 17. exd5 Bb5 18. c4 Qxc4 19. Qxc4 Bxc4 20. Rec1 Bd3 {½-½ (42) Navara,D (2702)-Movsesian,S (2705) Prague 2011}) 10... Rc8 {[%emt 0:08:14]} 11. f4 {[%emt 0:06:13]} b5 {[%emt 0:06:05]} 12. a3 {[%emt 0:00:27]} h5 {[%emt 0:07:51]} 13. h3 $146 {[%emt 0:00:28]} (13. f5 Nf6 14. fxe6 fxe6 15. h3 O-O 16. Bg5 Be8 17. Qe2 {0-1 (45) Zdebskaja,N-Son,I (2215) Alushta 1999}) 13... Kf8 {[%emt 0:20:35]} 14. Qe2 {[%emt 0:09:49]} Bf6 {[%emt 0:03:59]} 15. Be3 {[%emt 0:01:43]} Bxc3 $1 {[%emt 0:10:31]} 16. bxc3 {[%emt 0:00:07]} e5 {[%emt 0:00:06]} ({Black should play} 16... Nf6 $14) 17. Rad1 {[%emt 0:02:08]} Be6 {[%emt 0:01:52]} 18. Qd2 {[%emt 0:14:09]} (18. Qf2 $16) 18... Ke7 {[%emt 0:01:16]} 19. Qf2 {[%emt 0:02:08]} Nf6 {[%emt 0:03:05]} 20. Bb6 {[%emt 0:07:22]} Qb8 {[%emt 0:00:22]} 21. Bf1 {[%emt 0:12:00]} h4 {[%emt 0:05:53]} 22. g4 {[%emt 0:01:06] [#]} Nd7 {[%emt 0:01:57]} ({Don't take} 22... exf4 23. Nd4 $15) (22... Bxg4 $1 $17 {[%mdl 512]} 23. Rd2 (23. hxg4 Nxg4) 23... exf4) 23. Be3 {[%emt 0:00:58]} exf4 {[%emt 0:00:16]} 24. Bxf4 {[%emt 0:01:28]} Nce5 {[%emt 0:00:39]} 25. Nd4 {[%emt 0:01:12]} Rxc3 $11 {[%emt 0:01:25]} 26. Nf5+ {[%emt 0:08:38]} Bxf5 {[%emt 0:00:44]} 27. exf5 {[%emt 0:00:06]} Kf8 {[%emt 0:02:28]} 28. Bg2 {[%emt 0:01:08]} Qc7 {[%emt 0:03:00]} 29. Qd4 {[%emt 0:03:47]} Rc4 {[%emt 0:04:26]} 30. Qxd6+ {[%emt 0:05:34]} Qxd6 {[%emt 0:00:05]} 31. Rxd6 {[%emt 0:00:05]} Rxf4 {[%emt 0:00:17]} 32. Rxe5 {[%emt 0:00:05]} Nxe5 {[%emt 0:00:10]} 33. Rd8+ {[%emt 0:00:05]} Ke7 {[%emt 0:00:04]} 34. Rxh8 {[%emt 0:00:03]} Ra4 {[%emt 0:03:54]} 35. Ra8 {[%emt 0:10:10]} Rxa3 {[%emt 0:00:20]} 36. Bf1 {[%emt 0:02:11]} Kf6 {[%emt 0:01:28]} 37. Kf2 {[%emt 0:00:33]} Kg5 {[%emt 0:00:58]} 38. Ke1 {[%emt 0:03:06]} Kf4 {[%emt 0:01:14]} 39. Kd2 {[%emt 0:00:58]} Nf3+ {[%emt 0:00:42]} 40. Ke2 {[%emt 0:00:00]} Nd4+ {[%emt 0:00:44]} 41. Kd2 {[%emt 0:00:48]} Nf3+ {[%emt 0:03:00]} 42. Ke2 {[%emt 0:00:47]} Ng1+ {[%emt 0:03:21]} 43. Kd2 {[%emt 0:00:37]} Nxh3 {[%emt 0:02:21]} 44. Bxb5 {[%emt 0:01:02]} Nf2 {[%emt 0:01:31]} 45. Bc6 {[%emt 0:01:41]} Nxg4 {[%emt 0:02:30]} 46. Rg8 {[%emt 0:00:28]} Ne5 {[%emt 0:00:51]} 47. Bd5 {[%emt 0:00:08]} g5 {[%emt 0:01:35]} 48. fxg6 {[%emt 0:00:06]} fxg6 {[%emt 0:00:03]} 49. Rh8 {[%emt 0:01:33]} Kg3 {[%emt 0:03:53]} 50. Re8 {[%emt 0:00:49]} Nf3+ {[%emt 0:00:48]} 51. Bxf3 {[%emt 0:00:30]} Kxf3 {[%emt 0:00:58]} 52. Rg8 {[%emt 0:00:12]} h3 {[%emt 0:00:27]} 53. Rxg6 {[%emt 0:00:10]} h2 {[%emt 0:00:05]} 54. Rf6+ {[%emt 0:01:11]} Kg2 {[%emt 0:00:08]} 55. Rg6+ {[%emt 0:00:09]} Rg3 {[%emt 0:00:17]} 0-1